Comportamiento electoral dominicano : (Record no. 18576)

MARC details
000 -LEADER
campo de control de longitud fija 00855cam a2200277 a 4500
001 - NÚMERO DE CONTROL
campo de control 39348
005 - FECHA Y HORA DE LA ÚLTIMA TRANSACCIÓN
campo de control 20230410102057.0
008 - DATOS DE LONGITUD FIJA--INFORMACIÓN GENERAL
campo de control de longitud fija 920409s1986 dr ab s 001 0 spa d
035 ## - NÚMERO DE CONTROL DEL SISTEMA
-- (DLC) 92144642
035 ## - NÚMERO DE CONTROL DEL SISTEMA
Número de control de sistema 4875694
010 ## - NÚMERO DE CONTROL DE LA BIBLIOTECA DEL CONGRESO
Número de control de LC 92144642
040 ## - FUENTE DE CATALOGACIÓN
Centro catalogador/agencia de origen NjP
Centro/agencia transcriptor DLC
Centro/agencia modificador DLC
042 ## - CÓDIGO DE AUTENTICACIÓN
Código de autenticación lccopycat
043 ## - CÓDIGO DE ÁREA GEOGRÁFICA
Código de área geográfica nwdr---
050 14 - SIGNATURA TOPOGRÁFICA DE LA BIBLIOTECA DEL CONGRESO
Número de clasificación 118 JL 1138
Número de ítem C764c 1986
100 1# - ENTRADA PRINCIPAL--NOMBRE DE PERSONA
Nombre de persona Contreras, Darío.
245 10 - MENCIÓN DEL TÍTULO
Título Comportamiento electoral dominicano :
Resto del título elecciones dominicanas, 1962-1982 : datos y análisis /
Mención de responsabilidad, etc. Darío Contreras.
260 ## - PUBLICACIÓN, DISTRIBUCIÓN, ETC.
Lugar de publicación, distribución, etc. [S.l. :
Nombre del editor, distribuidor, etc. s.n.,
Fecha de publicación, distribución, etc. 1986]
Lugar de fabricación/manufactura (Santo Domingo, República Dominicana :
Fabricante Editora Corripio)
300 ## - DESCRIPCIÓN FÍSICA
Extensión 146 p. :
Otras características físicas ill., 1 map ;
Dimensiones 28 cm.
500 ## - NOTA GENERAL
Nota general Chiefly tables.
500 ## - NOTA GENERAL
Nota general Includes index.
650 #0 - PUNTO DE ACCESO ADICIONAL DE MATERIA--TÉRMINO DE MATERIA
Término de materia o nombre geográfico como elemento de entrada Elections
Subdivisión geográfica Dominican Republic
Subdivisión general Statistics.
922 ## -
-- ap
942 ## - ELEMENTOS DE ENTRADA SECUNDARIOS (KOHA)
Fuente del sistema de clasificación o colocación Clasificación de Library of Congress
Tipo de ítem Koha
985 ## -
-- CAI
Holdings
Estatus retirado Estado de pérdida Fuente del sistema de clasificación o colocación Estado de daño No para préstamo Colección Biblioteca de origen Biblioteca actual Ubicación en estantería Fecha de adquisición Serial enumeration / chronology Signatura topográfica completa Código de barras Visto por última vez Copia número Tipo de ítem Koha
    Clasificación de Library of Congress     Recursos Regionales Biblioteca Juan Bosch Biblioteca Juan Bosch Recursos Regionales (2do. Piso) 10/04/2023 1 118 JL 1138 C764c 1986 00000040335 23/10/2018 1